Nhân giống cây ăn quả
Sách tìm hiểu đặc điểm thực vật một số cây ăn quả chính, vườn ươm cây ăn quả và các phương pháp nhân giống cây ăn quả...
Salvato in:
| Autore principale: | |
|---|---|
| Natura: | Libro |
| Lingua: | Undetermined |
| Pubblicazione: |
Hà Nội
Nông Nghiệp
2002
|
| Soggetti: | |
| Tags: |
Aggiungi Tag
Nessun Tag, puoi essere il primo ad aggiungerne! !
|
| Thư viện lưu trữ: | Trung tâm Học liệu Trường Đại học Cần Thơ |
|---|
| LEADER | 00770nam a2200205Ia 4500 | ||
|---|---|---|---|
| 001 | CTU_48389 | ||
| 008 | 210402s9999 xx 000 0 und d | ||
| 020 | |c 15500 | ||
| 082 | |a 634.04 | ||
| 082 | |b Th502 | ||
| 100 | |a Hoàng, Ngọc Thuận | ||
| 245 | 0 | |a Nhân giống cây ăn quả | |
| 245 | 0 | |c Hoàng Ngọc Thuận | |
| 260 | |a Hà Nội | ||
| 260 | |b Nông Nghiệp | ||
| 260 | |c 2002 | ||
| 520 | |a Sách tìm hiểu đặc điểm thực vật một số cây ăn quả chính, vườn ươm cây ăn quả và các phương pháp nhân giống cây ăn quả... | ||
| 650 | |a Fruit trees,Plant propagation,Cây ăn trái | ||
| 904 | |i Minh | ||
| 980 | |a Trung tâm Học liệu Trường Đại học Cần Thơ | ||